000 00768cam a22002653a 4500
001 1105
003 PGUSA
005 20140828082957.0
008 971101s1997||||xxu|||||s|||||000 p eng d
040 _aPGUSA
_beng
042 _adc
050 4 _aPR
100 1 _aShakespeare, William,
_d1564-1616
245 1 4 _aThe Sonnets
_h[electronic resource] /
_cWilliam Shakespeare
260 _bProject Gutenberg,
_c1997
500 _aWorld Library
506 _aCopyrighted. Read the copyright notice inside this book for details.
516 _aElectronic text
653 _aSonnets, English
653 _aEnglish poetry
740 0 _aThe Shakespearian Sonnets
830 0 _aProject Gutenberg
_v1105
856 4 0 _uhttp://www.gutenberg.org/ebooks/1105
942 _cEB
999 _c230453
_d230453